| 000 | 00483nam a2200193Ia 4500 | ||
|---|---|---|---|
| 005 | 20250603145506.0 | ||
| 008 | 250603s9999 xx 000 0 und d | ||
| 020 | _a9781259251443 | ||
| 050 | _aRB 113 .H36/ | ||
| 100 | _aHammer, Gary D. | ||
| 245 | 0 | _aPathophysiology of disease: an introduction to clinical medicine | |
| 250 | _a7th ed. | ||
| 260 | _aNew York | ||
| 260 | _bMcGraw-Hill Education | ||
| 260 | _c2014 | ||
| 300 | _a762 p | ||
| 650 | _aNew York | ||
| 942 | _cBK | ||
| 999 |
_c42013 _d42013 |
||